Juan Usle (Record no. 12878)
[ view plain ]
| 000 - LÍDER | |
|---|---|
| campo de control de longitud fija | 01193nam a2200265Ia 4500 |
| 008 - ELEMENTOS DE DATOS DE LONGITUD FIJA - INFORMACIÓN GENERAL | |
| campo de control de longitud fija | 0000001997 bl ad 0000000000mul00 |
| 090 ## - NÚMERO DE LLAMADA DE TIPO LC LOCALMENTE ASIGNADO (OCLC) | |
| Número de clasificación (OCLC) (R) | PSP00 F67j |
| 100 1# - ENTRADA PRINCIPAL - NOMBRE PERSONAL | |
| Nombre de la persona | Fortes, Marcia |
| 245 10 - TÍTULO DECLARACIÓN | |
| Título | Juan Usle |
| Declaración de responsabilidad | / Texto de Marcia Fortes |
| 260 ## - PUBLICACIÓN, DISTRIBUCIÓN | |
| Lugar de publicación | Sao Paulo : Galería Camargo Vilaca |
| Fecha de publicación | 1997 |
| 300 ## - DESCRIPCIÓN FÍSICA | |
| Alcance | 15 p. |
| Dimensiones | / 22 cm. |
| 500 ## - NOTA GENERAL | |
| Nota general | Exposición realizada en Galería Camargo Vilaca, junio 427, 1997 \ Incluye cronología del artista \ Texto bilingue: portugués inglés \ Donación Fundación Cisneros, Caracas, Venezuela, 2010 \ Proyecto Ganador Programa Apoyos Concertados FGAA 2010 |
| 501 ## - Con nota | |
| Con nota | Aliém do Recife = Beyond the reef / Marcia Fortes |
| 505 ## - NOTA DE CONTENIDO FORMATEADA | |
| Nota sobre el contenido formateado | OBRAS : Lilolá Beirao Zip voices Mole abierto Imagens cortadas Eco de nemo Repleto de sueños Fighting signatures |
| 600 00 - ENTRADA DE SUJETO AÑADIDO - NOMBRE PERSONAL | |
| Nombre de la persona | USLE, JUAN, 1954/ |
| Subdivisión general | TRABAJOS PICTORICOS |
| 650 14 - ENTRADA DE SUJETO AÑADIDO - TÉRMINO TÓPICO | |
| Término tópico o elemento de entrada del nombre geográfico | ARTE CONTEMPORANEO ESPAÑOL |
| 650 14 - ENTRADA DE SUJETO AÑADIDO - TÉRMINO TÓPICO | |
| Término tópico o elemento de entrada del nombre geográfico | ARTISTAS PLASTICOS ESPAÑOLES EXPOSIONES |
| 650 14 - ENTRADA DE SUJETO AÑADIDO - TÉRMINO TÓPICO | |
| Subdivisión general | CATALOGOS |
| 650 14 - ENTRADA DE SUJETO AÑADIDO - TÉRMINO TÓPICO | |
| Subdivisión general | EXPOSICIONES |
| 650 14 - ENTRADA DE SUJETO AÑADIDO - TÉRMINO TÓPICO | |
| Término tópico o elemento de entrada del nombre geográfico | PINTORES ESPAÑOLES |
| 650 14 - ENTRADA DE SUJETO AÑADIDO - TÉRMINO TÓPICO | |
| Término tópico o elemento de entrada del nombre geográfico | PINTURA (TECNICA MIXTA) |
| 650 14 - ENTRADA DE SUJETO AÑADIDO - TÉRMINO TÓPICO | |
| Término tópico o elemento de entrada del nombre geográfico | PINTURA ABSTRACTA |
| 650 14 - ENTRADA DE SUJETO AÑADIDO - TÉRMINO TÓPICO | |
| Término tópico o elemento de entrada del nombre geográfico | PINTURA AL OLEO |
| 650 14 - ENTRADA DE SUJETO AÑADIDO - TÉRMINO TÓPICO | |
| Término tópico o elemento de entrada del nombre geográfico | PINTURA ESPAÑOLA |
| Estado de retirada | Pérdida de estatus | Estado dañado | No para préstamo | Código de recogida | Ubicación permanente | Ubicación actual | Ubicación de las estanterías | Fecha de adquisición | Número de llamada completo | Código de barras | Fecha de la última vez que se vio | Número de copia | Precio efectivo desde | Tipo de artículo Koha |
|---|---|---|---|---|---|---|---|---|---|---|---|---|---|---|
| General | ArtNexus | ArtNexus | General | 06/09/2022 | P-SP-00 F67J | 13006 | 06/09/2022 | Ej.1 | 06/09/2022 | Libro |